Current Military Alliances - Statistics

General Stats
  • This quiz has been taken 33 times
    10 since last reset
  • The average score is 80 of 96
Answer Stats
Country % Correct
Australia
100%
Brazil
100%
Canada
100%
France
100%
Germany
100%
Italy
100%
Japan
100%
New Zealand
100%
Portugal
100%
South Korea
100%
Spain
100%
Ukraine
100%
United Kingdom
100%
United States
100%
Albania
88%
Argentina
88%
Austria
88%
Azerbaijan
88%
Bahrain
88%
Barbados
88%
Belgium
88%
Bulgaria
88%
China
88%
Colombia
88%
Costa Rica
88%
Croatia
88%
El Salvador
88%
Estonia
88%
Finland
88%
Guatemala
88%
Guyana
88%
Haiti
88%
Hungary
88%
Ireland
88%
Jordan
88%
Kazakhstan
88%
Kuwait
88%
Kyrgyzstan
88%
Latvia
88%
Lithuania
88%
Luxembourg
88%
Netherlands
88%
Norway
88%
Oman
88%
Pakistan
88%
Panama
88%
Peru
88%
Poland
88%
Qatar
88%
Romania
88%
Saudi Arabia
88%
Slovakia
88%
Slovenia
88%
Sweden
88%
Taiwan
88%
Tajikistan
88%
Thailand
88%
Turkey
88%
Antigua and Barbuda
75%
Bahamas
75%
Belarus
75%
Bosnia and Herzegovina
75%
Burkina Faso
75%
Chile
75%
Cyprus
75%
Denmark
75%
Dominica
75%
Dominican Republic
75%
Egypt
75%
Greece
75%
Grenada
75%
Honduras
75%
Iceland
75%
Israel
75%
Mali
75%
Montenegro
75%
Morocco
75%
Niger
75%
North Korea
75%
North Macedonia
75%
Papua New Guinea
75%
Paraguay
75%
Philippines
75%
Russia
75%
Saint Kitts and Nevis
75%
Saint Lucia
75%
Saint Vincent and the Grenadines
75%
Tunisia
75%
United Arab Emirates
75%
Uruguay
75%
Czechia
63%
Kenya
63%
Marshall Islands
63%
Trinidad and Tobago
63%
Micronesia
50%
Palau
50%
No matching quizzes found
Score Distribution
Percent of People with Each Score
Percentile by Number Answered
Your Score History
You have not taken this quiz since the last reset